250 Movies - Statistics

General Stats
  • This quiz has been taken 87 times
  • The average score is 44 of 250
Answer Stats
# Answer Year of Release % Correct
20 Batman 1966 (multiple reboots)
71%
21 Batman v Superman 2016
69%
212 Star Wars 1977
64%
224 Titanic 1997
60%
116 Iron Man 2008
57%
16 Avatar 2009
55%
215 Superman 1951 (multiple reboots)
53%
17 Avengers 2012
52%
206 Spider-Man 2002
52%
207 Spider-Man: Homecoming 2017
52%
208 Spider-Man into the Spider-Verse 2018
52%
8 The Amazing Spider-Man 2012
52%
222 Thor 2011
50%
226 Toy Story 1995
48%
34 Captain America 1944 (multiple reboots)
47%
100 Hulk 2003
47%
106 The Incredible Hulk 2008
47%
72 Frozen 2013
45%
125 Jurassic Park / World 1993
45%
60 E.T. the Extra-Terrestrial 1982
43%
110 Indiana Jones 1981
43%
234 Up 2009
43%
7 Alien 1979
41%
18 Back to the Future 1985
41%
244 Wonder Woman 2017
41%
10 Ant-Man 2015
40%
26 Black Panther 2018
40%
141 Lord of the Rings 2001
40%
107 The Incredibles 2004
40%
138 The Lion King 1994
40%
62 The Fast and the Furious 2001
38%
248 X-Men 2000
38%
11 Aquaman 2018
36%
27 Blade 1998
36%
55 Doctor Strange 2016
36%
5 Aladdin 1992
34%
36 Cars 2006
34%
41 Cinderella 1950
34%
83 Guardians of the Galaxy 2014
34%
173 Pirates of the Caribbean 2003
34%
217 Tangled 2010
34%
220 Terminator 1984
34%
22 Beauty and the Beast 1991
33%
35 Captain Marvel 2019
33%
65 Finding Nemo 2003
33%
113 Interstellar 2014
33%
119 James Bond 1963 (first ever)
33%
197 Shrek 2001
33%
211 Star Trek 1979 (major franchise)
33%
243 Wolverine 2009
33%
68 Forrest Gump 1994
31%
105 Inception 2010
31%
201 Sleeping Beauty 1959
31%
202 Snow White 1939
31%
139 The Little Mermaid 1989
31%
148 The Matrix 1999
31%
30 Brave 2012
29%
117 It 2017
29%
121 Joker 2019
29%
155 Monsters, Inc. 2001
29%
158 Mulan 1998
29%
227 Transformers 2007
29%
250 Zootopia 2016
29%
19 Bambi 1942
28%
37 Casablanca 1942
28%
111 Inside Out 2015
28%
186 Rocky 1976
28%
124 The Jungle Book 1967
28%
221 Them! 1954
28%
128 King Kong 1933
26%
142 Madagascar 2005
26%
154 Moana 2016
26%
181 Rambo 1982
26%
225 Top Gun 1986
26%
235 Venom 2018
26%
237 Wall-E 2008
26%
33 A Bug's Life 1998
24%
6 Alice in Wonderland 1951
24%
54 Die Hard 1988
24%
56 Dumbo 1941
24%
92 Home Alone 1990
24%
172 Pinocchio 1940
24%
232 Twilight 2008
24%
61 Fantastic Four 2005
22%
104 Ice Age 2002
22%
153 Mission: Impossible 1996
22%
177 Predator 1987
22%
82 Green Lantern 2011
21%
84 Halloween 1978
21%
98 How to Train Your Dragon 2010
21%
126 Justice League 2017
21%
131 Kung Fu Panda 2008
21%
175 Planet of the Apes 1968
21%
102 The Hunger Games 2012
21%
24 Big Hero 6 2014
19%
47 Daredevil 2003
19%
52 Deadpool 2016
19%
89 Hercules 1997
19%
109 Independence Day 1996
19%
149 Mary Poppins 1964
19%
170 Peter Pan 1953
19%
182 Ratatouille 2007
19%
198 Sing 2016
19%
218 Tarzan 1999
19%
101 The Hunchback of Notre Dame 1996
19%
246 Wreck-It Ralph 2012
19%
132 Lady and the Tramp 1955
17%
176 Pocahontas 1995
17%
180 Puss in Boots 2011
17%
12 The Aristocats 1970
17%
53 Despicable Me 2010
16%
120 John Wick 2014
16%
162 Night at the Museum 2006
16%
69 The Fox and the Hound 1981
16%
136 The LEGO Movie 2014
16%
147 The Martian 2015
16%
193 The Secret Life of Pets 2016
16%
123 Jumanji 1995
14%
127 Karate Kid 1984
14%
133 La La Land 2016
14%
137 Lilo & Stitch 2002
14%
150 Men in Black 1997
14%
152 Minions 2015
14%
164 Ocean's Eleven 2001
14%
196 Shazam! 2019
14%
213 Suicide Squad 2016
14%
23 The Bee Movie 2007
14%
80 The Good, The Bad, and the Ugly 1966
14%
238 War of the Worlds 1953
14%
38 Catwoman 2004
12%
40 The Chronicles of Narnia 2005
12%
81 The Goonies 1985
12%
145 The Many Adventures of Winnie the Pooh 1977
12%
57 Elektra 2005
10%
70 Frankenstein 1931
10%
174 Pixels 2015
10%
86 The Hangover 2009
10%
163 The Nightmare Before Christmas 1993
10%
200 The Sixth Sense 1999
10%
230 The Truman Show 1998
10%
166 101 Dalmations 1961
9%
9 Annie 1982
9%
31 Brother Bear 2003
9%
39 Chicken Little 2005
9%
42 Clue 1985
9%
64 Fifty Shades of Grey 2015
9%
71 Freaky Friday 1976
9%
130 Knives Out 2019
9%
159 National Treasure 2004
9%
183 Ready Player One 2018
9%
192 Scott Pilgrim vs the World 2010
9%
48 The Day After Tomorrow 2004
9%
66 The Fly 1958
9%
151 The Mighty Ducks 1992
9%
242 Who Framed Roger Rabbit 1988
9%
14 Atlantis: The Lost Empire 2001
7%
29 Bohemian Rhapsody 2018
7%
43 Cool Runnings 1993
7%
51 Dead Poets Society 1989
7%
85 Hancock 2008
7%
93 Honey, I Shrunk the Kids 1989
7%
187 Rogue One: A Star Wars Story 2016
7%
188 Rush Hour 1998
7%
191 Scooby-Doo 2002
7%
205 Spaceballs 1987
7%
209 Split 2016
7%
135 The LEGO Batman Movie 2017
7%
178 The Princess Bride 1987
7%
233 Unbreakable 2000
7%
4 Air Bud 1997
5%
63 Ferris Bueller's Day Off 1986
5%
88 Herbie Fully Loaded 2005
5%
91 Holes 2003
5%
97 Howard the Duck 1986
5%
112 Inspector Gadget 1999
5%
115 Invasion of the Body Snatchers 1956
5%
118 James and the Giant Peach 1996
5%
167 Onward 2020
5%
171 Pete's Dragon 1977
5%
189 Santa Clause 1994
5%
195 Shaun of the Dead 2004
5%
203 Solo: A Star Wars Story 2018
5%
1 The Adventures of Sharkboy and Lavagirl 2005
5%
58 The Emoji Movie 2017
5%
59 The Emperor's New Groove 2000
5%
73 The Fugitive 1993
5%
140 The Lorax 2012
5%
143 The Maltese Falcon 1941
5%
160 The New Mutants 2020
5%
185 The Rescuers 1977
5%
228 Treasure Planet 2002
5%
229 Tron 1982
5%
249 Zathura: Adventures in Space 2005
5%
134 A League of Their Own 1992
3%
74 Galaxy Quest 1999
3%
75 George of the Jungle 1997
3%
96 Hot Fuzz 2007
3%
99 Hugo 2011
3%
144 Man-Thing 2005
3%
146 Matilda 1996
3%
169 Penguins of Madagascar 2014
3%
190 School of Rock 2003
3%
199 Sister Act 1992
3%
214 Supergirl 1984
3%
28 The Blob 1958
3%
45 The Croods 2013
3%
49 The Day the Earth Stood Still 1951
3%
129 The Kingsmen 2014
3%
179 The Princess Diaries 2001
3%
239 The Watchmen 2009
3%
245 The World's End 2013
3%
231 Turbo 2013
3%
2 Adventures in Babysitting 1987
2%
3 After Earth 2013
2%
13 Around the World in 80 Days 2004
2%
15 Attack of the 50 Foot Woman 1958
2%
25 Bill and Ted's Excellent Adventure 1989
2%
76 Glass 2019
2%
77 Glory Road 2006
2%
78 God's Not Dead 2014
2%
79 Gojira 1954
2%
90 Hidden Figures 2016
2%
94 Hoodwinked 2005
2%
194 Shanghai Noon 2000
2%
204 Sounds of Music 1965
2%
210 Spy Kids 2001
2%
216 Swamp-Thing 1982
2%
46 The Da Vinci Code 2006
2%
87 The Happening 2008
2%
103 The Hunt for Red October 1990
2%
108 The Incredible Shrinking Man 1957
2%
240 What About Bob? 1991
2%
32 Buffy the Vampire Slayer 1997
0%
44 Creature from the Black Lagoon 1954
0%
67 Forbidden Planet 1956
0%
95 Hotel Rwanda 2004
0%
114 Invaders from Mars 1953
0%
122 Journey to the Center of the Earth 1959
0%
161 Newsies 1992
0%
165 Old Yeller 1957
0%
184 Remember the Titans 2000
0%
50 The Deadly Mantis 1957
0%
156 The Most Dangerous Game 1932
0%
157 The Muppets Christmas Carol 1992
0%
168 The Pacifier 2005
0%
219 The Ten Commandments 1956
0%
223 The Three Musketeers 1993
0%
236 Voyage to the Bottom of the Sea 1961
0%
241 White Christmas 1954
0%
247 Wrinkle in Time 2018
0%
No matching quizzes found
Score Distribution
Percent of People with Each Score
Percentile by Number Answered
Your Score History
You have not taken this quiz